00557nam a2200145Ia 4500008004100000040001700041041001200058082002200070100001800092245012600110300001100236942000700247952014000254999001700394230917s9999||||xx |||||||||||||| ||und|| e107237aMAIN aEnglish a910.13014494 S81S aSativer Singh 0aSocio - economics status of scheduled castes in rural Haryana : A case study of Rohtak District in Geographic perspective a143 p. cTH 0010406910_130144940000000_S81S709134719aMAINbMAINd2005-07-08l0o910.13014494 S81Sp169757r2023-09-17 21:02:49w2023-09-17yTH c89320d89320